[Event "Pan American-ch U10"]
[Site "Santiago de Chile"]
[Date "2018.07.23"]
[Round "3"]
[White "De la Cruz Navarro, Martin Leonardo"]
[Black "Siegelson, Bowe"]
[Result "1/2-1/2"]
[WhiteElo "1732"]
[BlackElo "1356"]
[PlyCount "109"]
[EventDate "2018.07.22"]
[EventType "swiss"]
[EventRounds "9"]
[EventCountry "CHI"]
[SourceTitle "EXT 2022"]
[Source "ChessBase"]
[SourceDate "2021.10.06"]
[SourceVersion "1"]
[SourceVersionDate "2021.10.06"]
[SourceQuality "1"]

1. d4 Nf6 2. Nf3 g6 3. Bf4 Bg7 4. c3 0-0 5. Nbd2 d5 6. e3 c5 7. Bd3 Nc6 8. 0-0 Nd7 9. Re1 e5 10. dxe5 Ncxe5 11. Nxe5 Nxe5 12. Bxe5 Bxe5 13. Nf3 Bg7 14. h3 Be6 15. Qd2 h6 16. Rad1 f5 17. Qe2 Qf6 18. Rd2 c4 19. Bb1 Bf7 20. Nd4 a6 21. Red1 b5 22. a3 Rfe8 23. Qf3 Rab8 24. Ne2 a5 25. Nf4 b4 26. Nxd5 Bxd5 27. Qxd5+ Qe6 28. Qxe6+ Rxe6 29. axb4 axb4 30. cxb4 Rxb4 31. Rc2 Bxb2 32. Ba2 Rc6 33. Rb1 Ba3 34. Rxb4 Bxb4 35. Rxc4 Rxc4 36. Bxc4+ Kg7 37. Kf1 Kf6 38. Ke2 Ke5 39. Bd3 Kf6 40. f4 g5 41. g3 gxf4 42. gxf4 Ba3 43. Bb1 Bd6 44. Kf3 Bc7 45. e4 fxe4+ 46. Kxe4 Bxf4 47. Kxf4 Kg7 48. Kf5 Kh8 49. h4 h5 50. Kg6 Kg8 51. Ba2+ Kh8 52. Kxh5 Kh7 53. Kg5 Kh8 54. Bb1 Kg8 55. h5 1/2-1/2